| 000 | aam a22 a 4500 | ||
|---|---|---|---|
| 999 |
_c794 _d794 |
||
| 003 | AKMAL | ||
| 005 | 20170505115155.0 | ||
| 008 | 170505s2014 my e l 000 0 may d | ||
| 020 |
_a9789678924795 _qpaperback |
||
| 040 | _aAKMAL | ||
| 082 | 0 | 4 |
_a343.595056 MAL _223 |
| 090 | 0 | 0 |
_a343.595056 _bMAL |
| 110 | 1 |
_aMalaysia, _ejurisdiction governed. _9400 |
|
| 245 | 1 | 0 |
_aAKTA KASTAM 1967 (AKTA 235), PERATURAN-PERATURAN DAN PERINTAH : _b(HINGGA 15HB JULAI 2014) / _cDisusun oleh: Lembaga Penyelidikan Undang-Undang |
| 260 |
_aPetaling Jaya, Selangor : _bInternational Law Book Services, Wisma ILBS, _c2014 |
||
| 300 |
_a256 pages ; _c24 cm. |
||
| 490 | 1 | _aUNDANG-UNDANG MALAYSIA | |
| 599 | _aDALAM PROSES | ||
| 650 | 1 | 0 |
_aTariff _xLaw and legislation _zMalaysia _920 |
| 650 | 2 | 0 |
_aCustoms administration _xLaw and legislation _zMalaysia _91733 |
| 710 | 2 |
_aLembaga Penyelidikan Undang-Undang, _eeditor. _91734 |
|
| 830 | 0 |
_aUndang-undang Malaysia _91735 |
|
| 942 |
_2ddc _cBOOK |
||